| 000 | 00942nam a22002657a 4500 | ||
|---|---|---|---|
| 005 | 20130522153143.0 | ||
| 008 | 091110t xxu||||| |||| 00| 0 eng d | ||
| 010 | _aB-515138-139 | ||
| 020 |
_a9788131715567 _c2299.00 |
||
| 035 | _aB-515138-139 | ||
| 037 | _aKKP/Ven | ||
| 040 |
_adpl _beng |
||
| 082 | _a571.6 | ||
| 100 | _aBecker,Wayne M. | ||
| 245 |
_aThe world of the cell / _cby Wayne M. Becker, Lewis J. Kleinsmith, Jeff Hardin |
||
| 246 | _aThe world of the cell | ||
| 250 | _a6th ed. | ||
| 260 |
_aNew Delhi _bPearson Education _c2011 |
||
| 270 |
_a14 Local shopping Centre PanchsheelPark _bNew Delhi _e110017 |
||
| 300 |
_avarious pg _b27cm |
||
| 700 | _d Kleinsmith,Lewis J. | ||
| 700 | _dHardin, Jeff | ||
| 942 |
_2ddc _cEN _mBEC _h571.6 |
||
| 999 |
_c75667 _d75667 |
||